| 000 | 00743nam a22002297a 4500 | ||
|---|---|---|---|
| 999 |
_c9884 _d9884 |
||
| 003 | AR-CdUCM | ||
| 008 | 190328b ||||| |||| 00| 0 spa d | ||
| 040 |
_aMUNICIPALIDAD PROVINCIAL DEL CUSCO _cBIBLIOTECA MUNICIPAL DEL CUSCO |
||
| 082 |
_a591.5 / _bEL45 / 1946 |
||
| 100 |
_aElton, Charles _926402 |
||
| 245 | _aEcología animal / | ||
| 260 |
_aBuenos Aires : _bAcme Agency, _c1946. |
||
| 300 |
_a128 páginas ; _c17.5 cm. |
||
| 440 |
_aMonografias sobre temas biologicos. _926403 |
||
| 505 | _aContenido : | ||
| 650 |
_aEcología animal _923329 |
||
| 650 |
_aZoología _918986 |
||
| 700 |
_aRinguelet, Raúl (traductor) _926404 |
||
| 700 |
_aMac Donagh, Emilio J. (prólogo) _926405 |
||
| 942 |
_2ddc _cLIBROS |
||
| 945 |
_apjha _d2019-05-13 |
||